| 000 | 00515nam a22001817a 4500 | ||
|---|---|---|---|
| 005 | 20260131163847.0 | ||
| 008 | 231209b ||||| |||| 00| 0 eng d | ||
| 020 | _a0070477043 | ||
| 040 | _cAL | ||
| 041 | _aEnglish | ||
| 082 |
_a550.202 _bOJAS |
||
| 100 |
_aRichard Ojakangas W _9144704 |
||
| 245 | _aSchaums outline of Theory and Problems of introductory geology | ||
| 260 |
_aNew York _bMcGraw Hill _c1991 |
||
| 300 |
_avii,294p. _bPB _c27x18cm |
||
| 650 |
_2sciences _ageology _9144705 |
||
| 942 |
_2ddc _cBK |
||
| 999 |
_c229437 _d229437 |
||